FIFA ranking: the 20 best nations (09/18/2025) - Statistics

General Stats
  • This quiz has been taken 45 times
  • The average score is 18 of 20
Answer Stats
Ranking Confederation Nation % Correct
5 UEFA Portugal
100%
3 CONMEBOL Argentina
98%
6 CONMEBOL Brazil
98%
2 UEFA France
98%
1 UEFA Spain
98%
12 UEFA Germany
95%
7 UEFA Netherlands
95%
8 UEFA Belgium
93%
14 CONCACAF Mexico
93%
15 CONMEBOL Uruguay
93%
4 UEFA England
90%
10 UEFA Italy
90%
16 CONCACAF United States
90%
13 CONMEBOL Colombia
88%
19 AFC Japan
88%
11 CAF Morocco
85%
9 UEFA Croatia
83%
18 CAF Senegal
78%
17 UEFA Switzerland
78%
20 UEFA Denmark
75%
No matching quizzes found
Score Distribution
Percent of People with Each Score
Percentile by Number Answered
Your Score History
You have not taken this quiz